Logos Alphabetically Sports Teams #3 - Statistics

General Stats
  • This quiz has been taken 35 times
    33 since last reset
  • The average score is 15 of 16
Answer Stats
Picture Answer % Correct
Vikings
100%
Broncos
96%
Ducks
96%
Grizzlies
96%
Jaguars
96%
Lions
96%
Seahawks
96%
Cowboys
92%
Knicks
92%
Panthers
92%
Raven
92%
Timberwolves
92%
Mavericks
88%
Wizards
88%
Hurricanes
85%
Nets
85%
No matching quizzes found
Score Distribution
Percent of People with Each Score
Percentile by Number Answered
Your Score History
You have not taken this quiz since the last reset